000 00464nam a2200181Ia 4500
003 LK-CoDNM
008 010623t1928 xxu||||| |||| 00| 1 eng d
040 _aLK-CoDNM
_dLK-CoDNM
_eLK-CoDNM
041 _aeng
_asin
080 _a104 B 18
100 _aAlagiyavanna,Mukaveti.
245 _aකුස ජාතකය
246 _akusa Jaathakaya
260 _bGranta Prakasa
_aColombo
_c1928
300 _b35p, 21 cm
700 _aed by de Silva, J
942 _cBK
999 _c94425
_d94425